Practical manual of obstetrics / (Record no. 580)

MARC details
000 -LEADER
fixed length control field 00914nam a22002177a 4500
003 - CONTROL NUMBER IDENTIFIER
control field OSt
005 - DATE AND TIME OF LATEST TRANSACTION
control field 20220124112235.0
008 - FIXED-LENGTH DATA ELEMENTS--GENERAL INFORMATION
fixed length control field 220106b ||||| |||| 00| 0 eng d
020 ## - INTERNATIONAL STANDARD BOOK NUMBER
International Standard Book Number 9789386150929
040 ## - CATALOGING SOURCE
Original cataloging agency PHNSL
Transcribing agency PHNSL
050 ## - LIBRARY OF CONGRESS CALL NUMBER
Classification number RG531.P17
100 ## - MAIN ENTRY--PERSONAL NAME
Personal name Pal, Amitava.
245 ## - TITLE STATEMENT
Title Practical manual of obstetrics /
Statement of responsibility, etc. Amitava Pal and Rupali Modak
250 ## - EDITION STATEMENT
Edition statement 2nd ed.
260 ## - PUBLICATION, DISTRIBUTION, ETC.
Place of publication, distribution, etc. New Delhi:
Name of publisher, distributor, etc. Japee Brothers Medical Publishers,
Date of publication, distribution, etc. 2017
300 ## - PHYSICAL DESCRIPTION
Extent xiii, 572p. :
Other physical details ill.
504 ## - BIBLIOGRAPHY, ETC. NOTE
Bibliography, etc. note Includes appendices and index
505 ## - FORMATTED CONTENTS NOTE
Formatted contents note Contents: Specimens -- Instruments and drugs -- Obstetric operations and interventions -- Maternal pelvis and fetal skull -- Normal labor and labor in malposition and presentation -- Assessment of fetal well-being -- Partrograph -- Ultrasonography in obstetrics -- X-ray in obstetrics -- Obstetric cases -- Flying questions.
700 ## - ADDED ENTRY--PERSONAL NAME
Personal name Modak, Rupali.
942 ## - ADDED ENTRY ELEMENTS (KOHA)
Source of classification or shelving scheme Library of Congress Classification
Koha item type Books
Holdings
Withdrawn status Lost status Source of classification or shelving scheme Damaged status Not for loan Home library Current library Shelving location Date acquired Total Checkouts Full call number Barcode Date last seen Copy number Price effective from Koha item type Public note
    Library of Congress Classification     Public Health Nurses School Public Health Nurses School General Stacks 01/06/2022   RG531.P17 01786 01/06/2022 c.1 01/06/2022 Books pjaa 06/01/22
    Library of Congress Classification     Public Health Nurses School Public Health Nurses School General Stacks 01/06/2022   RG531.P17 01787 01/06/2022 c.2 01/06/2022 Books pjaa 06/01/22
    Library of Congress Classification     Public Health Nurses School Public Health Nurses School General Stacks 01/06/2022   RG531.P17 01788 01/06/2022 c.3 01/06/2022 Books pjaa 06/01/22
    Library of Congress Classification     Public Health Nurses School Public Health Nurses School General Stacks 01/06/2022   RG531.P17 01629 01/06/2022 c.4 01/06/2022 Books pjaa 06/01/22
Copyright © 2025 PHNS Library. All Rights Reserved.